000 00967nam a2200313 a 4500
001 000114407
003 CHAP
005 20220329144440.0
008 180122s1990 mx |r| ||||||spa d
010 _a110868
011 _a111840
020 _a84-270-1416-3 (Ediciones Martínez Roca)
020 _a9682107830
040 _cCHAP
082 0 4 _a306.7
_bF36
100 1 _aFernández de Castro y de Trinchería, Chimo
_9134436
245 1 0 _aLa otra historia de la sexualidad /
_cpor Chimo Fernández de Castro y de Trinchería.
260 _aMéxico, D.F. :
_bEdiciones Roca
_aBarcelona :
_bMartínez Roca,
_c1990.
300 _a[200 p.].
490 0 _aOpus voluptatis
590 _aE11695DGD
_b10
_c20180123
_lUCH01
_h1030
590 _aE11695DGD
_b10
_c20180123
_lUCH01
_h1031
590 _aE5765TAJ
_b05
_c20180122
_lUCH01
_h0845
650 1 4 _aSexo
_xHistoria.
_9105417
830 0 _aOpus voluptatis
_9134437
901 _aBK
942 _cLIBRO
942 _n0
999 _c110868
_d110868